Science Quiz

Random Science or Sporcle Quiz

Science Subcategories without Sporcle Quiz Stats

 Plays Quiz not verified by Sporcle

Score 0/11 Timer 03:00
0 Plays Today
Without S-P-O-R-C-L-E Subcategory % Correct
ANATMYAnatomy
93.5%
MATHMath
93.5%
ANIMAAnimal
87.1%
BIGYBiology
87.1%
HMITYChemistry
80.6%
GGYGeology
80.6%
HYIPhysics
80.6%
ATNMYAstronomy
74.2%
MNTElements
54.8%
GNA INGeneral Science
51.6%
MUTComputer
48.4%

You're not logged in!

Compare scores with friends on all Sporcle quizzes.
OR
Log In

Sporcle TV

Today on Sporcle TV


Watch our educational content, quiz creation guides, and fun videos on Sporcle TV.

Show Comments

Extras

Top Quizzes Today


Score Distribution

Your Account Isn't Verified!

In order to create a playlist on Sporcle, you need to verify the email address you used during registration. Go to your Sporcle Settings to finish the process.

Report this User

Report this user for behavior that violates our Community Guidelines.

Details: